000 00647nam a22002297a 4500
003 DO-SdBNP
005 20211026111204.0
007 ta
008 210607e2006 dr ||||er|||| 00| 0 spa d
040 _aDO-SdBNP
_bspa
_cBNPHU
082 4 _222
_bA561a
100 1 _a Andrés Martín , Mateo,
_d1921-2008
_978759
245 1 0 _aAl hilo de la vida :
_breacciones de la persona madura /
_cMateo Andrés
250 _a3a ed.
260 _aSanto Domingo :
_bEdiciones MSC,
_c2006.
300 _a206 p. ;
_c21 cm.
490 1 _aLuz ;
_v16
590 _aInventariado, 2021/MF
830 0 _aColección Luz ;
_n16
_978760
910 _aMF
942 _2ddc
_cLBS1
999 _c49886
_d49886